Para comprender ciencia, tecnología y sociedad

Na minha lista:
Detalhes bibliográficos
Principais autores: Alonso, Andoni (Autor), Ayestarán, Ignacio (Autor), Ursúa, Nicanor (Autor)
Formato: Livro
Idioma:espanhol
Publicado em: Pamplona Verbo Divino 1996
coleção:Para Comprender, 62
Assuntos:
Tags: Adicionar Tag
Sem tags, seja o primeiro a adicionar uma tag!

MARC

LEADER 00000nam a2200000 a 4500
001 UCJ1956
003 CL-VaPUC
008 061124e19960000SP |||||||||||||||||spa|d
020 |a 8481691038 
082 0 4 |a 261.5  |b ALO  |2 21 
100 0 |a Alonso, Andoni  |e author  |9 502790 
700 0 |a Ayestarán, Ignacio  |e author  |9 502791 
700 0 |a Ursúa, Nicanor  |e author  |9 502792 
245 1 0 |a Para comprender ciencia, tecnología y sociedad 
300 |a 310 p 
942 |c BK 
945 |d 20061124 00:00:00  |a cmena 
260 |a Pamplona  |b Verbo Divino  |c 1996 
650 0 |a Teología social  |9 326726 
650 0 |a Responsabilidad social  |9 339076 
650 0 |a Desarrollo científico  |9 259799 
650 7 |a DESARROLLO TECNOLOGICO  |2 CL-VaPUC  |9 259800 
583 |a last modification  |c 20130402 09:28:21  |k Rodrigo Vera 
490 0 |a Para Comprender, 62 
999 |c 318385  |d 318383 
952 |0 0  |1 0  |4 0  |6 261_500000000000000_ALO_1996  |7 0  |8 A  |9 396157  |a BIBTEO  |b BIBTEO  |d 2019-11-22  |i 4266668  |o 261.5 ALO 1996  |p 4266668  |r 2025-01-17  |w 2019-11-22  |y BK  |k ICR